Termodinámica

Uloženo v:
Podrobná bibliografie
Další autoři: Scott, Elaine Patricia, 1957-, Romo, Jorge Humberto Traductor
Médium: Kniha
Jazyk:Spanish
Vydáno: México : International Thomson, c2006
Témata:
Tagy: Přidat tag
Žádné tagy, Buďte první, kdo vytvoří štítek k tomuto záznamu!

MARC

LEADER 00000nam a2200000Ia 4500
003 000246
005 20221231143935.0
008 140114s2006 mx a 000 ||spa d
040 |c cru CEDI 
082 |a 536.7 P847t 
245 |a Termodinámica 
260 |a México : International Thomson,   |c c2006 
300 |a 360 páginas : ilustraciones 
500 |a Traducción de: Thermal sciences : an introduction to thermodynamics, fluid mechanics, and heat transfer 
648 |x TERMODINAMICA  |9 18963 
700 |9 19710  |a Scott, Elaine Patricia, 1957-  
700 |9 19714  |a Romo, Jorge Humberto  |d  Traductor 
942 |2 ddc  |c BK 
999 |c 14528  |d 14528